=LDR 00000nam 2200000 4500 =001 $a INLIS000000000008389 =005 $a 20260604102607 =008 $a 260604###########################0#ind## =022 ##$$a - =035 ##$$a 0010-0626000016 =082 ##$$a 618.2 =084 ##$$a 618.2 DEN a =100 #$$a Dennen Philip C. =245 ##$$a Aprtus Forsep $b Edisi Ketiga $c Dennen Philip C. (Penulis) =246 ##$$a =260 ##$$a Jakarta $b Binarupa Ksara $c 1994 =300 ##$$a 165 hlm $b ilus $c 24 cm $d =336 ##$$a =337 ##$$a =338 ##$$a =520 #$$a =650 #$$a Kesehatan =700 #$$a =740 ##$$a =856 ##$$a =Wor $a 1